Renewable resource management for forestry and agriculture /

Bibliographic Details
Other Authors: Bethel, James Samuel, Massengale, Martin Andrew, 1933-
Format: Book
Language:English
Published: Seattle : University of Washington Press, [1978]
Series:Geo. S. Long publication series.
Subjects:

MARC

Tag First Indicator Second Indicator Subfields
LEADER 00000pam a2200000 i 4500
001 in00000313639
005 20151010145325.0
008 781103s1978 waua b 10110 eng
010 |a  78025994  
020 |a 0295956240 :  |c $10.00 
035 |a (OCoLC)04492639 
035 |9 ABH7411AM 
040 |a DLC  |c DLC  |d TXA  |d UtOrBLW 
049 |a TXAM  |c [1419881] 
050 0 0 |a S604.5  |b .R46 
082 0 |a 338.1 
245 0 0 |a Renewable resource management for forestry and agriculture /  |c edited by James S. Bethel and Martin A. Massengale. 
264 1 |a Seattle :  |b University of Washington Press,  |c [1978] 
264 4 |c ©1978 
300 |a x, 126 pages :  |b illustrations ;  |c 24 cm. 
336 |a text  |b txt  |2 rdacontent 
337 |a unmediated  |b n  |2 rdamedia 
338 |a volume  |b nc  |2 rdacarrier 
490 1 |a The Geo. S. Long publication series 
500 |a Papers from a symposium held during the 1977 annual meeting of the American Association for the Advancement of Science. 
504 |a Includes bibliographies and index. 
650 0 |a Agricultural conservation  |x Congresses. 
650 0 |a Forest conservation  |x Congresses. 
650 0 |a Agriculture  |v Congresses. 
650 0 |a Forests and forestry  |v Congresses. 
650 0 |a Renewable natural resources  |x Congresses. 
700 1 |a Bethel, James Samuel. 
700 1 |a Massengale, Martin Andrew,  |d 1933- 
830 0 |a Geo. S. Long publication series. 
999 |a MARS 
999 f f |s f3b07bca-b3d8-31ad-94be-abd3b207c3ed  |i fc3aa9c1-cd83-3de8-80a0-1d3e9240cd12  |t 0 
952 f f |p ric  |a Texas A&M University  |b Rellis Campus  |c Joint Library Facility  |d Remote Storage  |t 0  |e S604.5 .R46  |h Library of Congress classification  |i unmediated -- volume  |m A14805185713 
998 f f |a S604.5 .R46  |t 0  |l Remote Storage